000 00794nam a2200205Ii 4500
003 JO-AjNU
008 230605s9999||||xx |||||||||||||| ||und||
017 _a2010/23278
040 _aJO-AjNU
_bara
_erda
_cJO-AjNU
041 _aara
050 1 4 _aHD30.2.2011
100 3 _aبحوث واوراق عمل ملتقى "تخطيط المدينة الالكترونية",
_eauthor
_934453
245 0 0 _aالادارة الالكترونية مدخل الى المدينة الالكترونية
264 3 1 _aالقاهرة:المنظمة العربية للتنمية الادارية،2011
300 _a253ص
336 _atext
_btxt
_2rdacontent
337 _aunmediated
_bn
_2rdamedia
338 _avolume
_bnc
_2rdacarrier
650 4 _aادارة اعمال-معالجة بيانات
_934454
999 _aA14129
_c17697
_d17697